| 000 | 00975cab a2200301 4500 | ||
|---|---|---|---|
| 001 | ABS56847 | ||
| 008 | 090401t1997 xxu||||| |||| 00| 0 eng d | ||
| 035 | _a(Sirsi) u78078 | ||
| 041 | _aeng | ||
| 100 | _aSmith, M. | ||
| 245 | _aLife cycle analysis of housing | ||
| 260 | _c1997 | ||
| 350 | _a0 | ||
| 490 |
_aHousing Studies _v12(2) April 1997, 215-229(8) |
||
| 520 | _aREports on the results of a project to assess the costs and benefits of using environmentally-friendly construction practices for social rented housing in Scotland, using life cycle analysis and life cycle costing methods. | ||
| 650 | _aENVIRONMENTALLY FRIENDLY | ||
| 650 | _aINVESTMENT APPRAISAL | ||
| 650 | _aLIFE CYCLE ANALYSIS | ||
| 650 | _aLIFE CYCLE COSTING | ||
| 650 | _aSCOTLAND | ||
| 650 | _aSOCIAL HOUSING | ||
| 650 | _aSOCIAL RENTED SECTOR | ||
| 690 | _aHOUSING-DEVELOPMENT | ||
| 700 | _aWhitelegg, J. | ||
| 700 | _aWilliams, N. | ||
| 942 | _n0 | ||
| 948 | _c30/04/1997 | ||
| 999 |
_c49125 _d49125 |
||